000 00974nam a22003250a 4500
001 PT56639
003 AR-LpoUNG
005 20210131231750.0
008 191001s2013||||ag |||||||||||||||||por d
020 _a9789872720155
_c$10
040 _aAR-LpoUNG
_bspa
_cAR-LpoUNG
_eaacr
041 _apor
044 _aag
082 0 _a469.7 838n3-4exe
100 1 _aBarbosa, Cibele Nascente
245 1 0 _aBrasil intercultural :
_blíngua e cultura brasileira para estrangeiros : livro de exercícios : ciclo intermediário níveis 3 e 4
250 _a1ra. ed.
260 _aBuenos Aires :
_bCasa do Brasil,
_c2013.
300 _a[6] 72 p. :
_bil.
650 4 _aCOMUNICACION
650 4 _aENSEÑANZA DE IDIOMAS
650 4 _aGRAMATICA
650 4 _aLENGUA PORTUGUESA
651 4 _aDOCUMENTOS TEORICOS O METODOLOGICOS
700 1 _aMendes, Edleise
_ecoor.
700 1 _aSchrägle, Isaure
700 1 _aSilva, Greice Kelly
_ecol.
905 _a56639
942 _cLIB
999 _c11833
_d11833